Determinación del índice de daño en un marco de concreto reforzado a escala 1/3, sometido a carga lateral cíclica
Guardat en:
| Autor principal: | |
|---|---|
| Format: | Llibre |
| Publicat: |
San José, C.R.
2002
|
| Matèries: | |
| Etiquetes: |
Afegir etiqueta
Sense etiquetes, Sigues el primer a etiquetar aquest registre!
|
MARC
| LEADER | 00000nam a2200000Ia 4500 | ||
|---|---|---|---|
| 003 | 009020 | ||
| 005 | 20221231144151.0 | ||
| 008 | 140114s2002 cr a m 000 ||s d | ||
| 040 | |c cru CEDI | ||
| 090 | |a TFG 4581 | ||
| 100 | |a Jiménez Castro, Ronald |9 7195 | ||
| 245 | |a Determinación del índice de daño en un marco de concreto reforzado a escala 1/3, sometido a carga lateral cíclica | ||
| 260 | |c 2002 |a San José, C.R. | ||
| 300 | |a 99 hojas, [25] : ilustraciones (algunas a color) | ||
| 500 | |a Tesis (licenciatura en ingeniería civil)--Universidad de Costa Rica. Facultad de Ingeniería. Escuela de Ingeniería Civil, | ||
| 650 | |x ESTRUCTURAS DE HORMIGON ARMADO |x MARCOS ESTRUCTURALES |x RESISTENCIA A LOS TERREMOTOS |x HORMIGON ARMADO |x ANALISIS ESTRUCTURAL (INGENIERIA) |x DISEÑO DE ESTRUCTURAS |9 7196 | ||
| 942 | |c TFG | ||
| 999 | |c 17864 |d 17864 | ||
